000 00530nam a2200181Ia 4500
005 20250326144133.0
008 250326s9999 xx 000 0 und d
037 _aTextbook
040 _aFMSL
_beng
_cFMSL
041 _aeng
_2eng
084 _aX:546 L5
_qFMSL
100 _aPHD
_9735796
245 0 _aImpact policy for D.G.T.D. units
_cPHD
260 _aNew Delhi
_bNew Delhi, Punjab Haryana & Delhi Chamber Of Commerce And Industry
_c1975
300 _a30p
942 _cTB
_hX:546 L5
999 _c1302511
_d1302511